| 000 | 00386nam a2200145Ia 4500 | ||
|---|---|---|---|
| 005 | 20250424033911.0 | ||
| 008 | 240331s9999 xx 000 0 und d | ||
| 082 |
_bRUM _a297 |
||
| 100 | _aRumi,N | ||
| 245 | 0 |
_aIslam : _boee eliya arimugam |
|
| 260 |
_aChennai _bKizhakku Pathippagam _c2004 |
||
| 300 | _a510 p ., | ||
| 500 | _aA Book About Islamic Religious Things And Brief | ||
| 942 | _cL | ||
| 999 |
_c4682 _d4682 |
||